000 00524nam a2200217Ia 4500
003 OSt
005 20140311163114.0
008 140130s9999 xx 000 0 und d
020 _a0590399624
050 _aPZ 8.3
_b.R595No 1998
100 _aRocklin, Joanne
_931152
245 _aNot enough room /
_cRocklin, Joanne
260 _bScholastic,
_c1998.
_aNew York :
300 _bcol. ill. ;
_c20 cm.
440 _v1
_931153
521 _aG3
526 _c580
942 _cBK
_2lcc
999 _c40708
_d40708